10 największych miast województwa śląskiego - Statystyki

Ogólne statystyki
  • Ten quiz został rozwiązany 27 razy
  • Średni wynik to 9 z 10
Statystyki odpowiedzi
Ludność Miasto % Poprawnych
277 900 Katowice
100%
184 988 Sosnowiec
100%
153 609 Gliwice
96%
164 337 Częstochowa
92%
151 542 Zabrze
92%
126 605 Bytom
88%
120 518 Tychy
88%
133 022 Bielsko-Biała
83%
128 793 Ruda Śląska
83%
129 817 Rybnik
79%
Nie znaleziono quizów pasujących do podanych kryteriów
Rozkład punktacji
Procent ludzi z każdym wynikiem
Percentyl według liczby udzielonych odpowiedzi
Twoja historia wyników
Nie rozwiązałeś tego quizu